Les arrêts présents au GAJA édition 2021 - Statistiques

Statistiques générales
  • Ce quiz a été pris 221 fois
  • Le résultat moyen est 20 sur 119
Statistiques - réponses
Hint Réponse % Correct
Tribunal des conflits, 8 février 1873 Blanco
96%
Conseil d'État, 13 décembre 1889 Cadot
65%
Conseil d'État, 19 février 1875 Prince Napoléon
65%
Tribunal des conflits, 30 juillet 1873 Pelletier
62%
Conseil d'État, 29 mars 1901 Casanova
48%
Conseil d'État, 19 mai 1933 Benjamin
44%
Conseil d'État, 21 juin 1895 Cames
42%
Conseil d'État, 18 avril 1902 Commune de Néris les bains
35%
Conseil d'État Ass., 19 octobre 1962 Canal
35%
Conseil d'État, 6 février 1903 Terrier
35%
Conseil d'État, 8 août 1919 Labonne
33%
Conseil d'État Ass., 20 octobre 1989 Nicolo
33%
Conseil d'État Ass., 17 février 1950 Dame Lamotte
31%
Tribunal des conflits, 22 janvier 1921 Société commerciale de l'Ouest africain
31%
Conseil d'État, 26 novembre 1875 Pariset
29%
Conseil d'État, 4 mars 1910 Thérond
29%
Tribunal des conflits, 9 décembre 1899 Canal de Gignac
27%
Conseil d'État Sect., 7 février 1936 Jamart
27%
Conseil d'État, 28 décembre 1906 Syndicat des patrons-coiffeurs de Limoges
27%
Conseil constitutionnel, 23 janvier 1987 Conseil de la concurrence
25%
Conseil d'État, 11 décembre 1903 Lot
25%
Tribunal des conflits, 2 décembre 1902 Société immobilière de Saint-Just
25%
Conseil d'État, 10 février 1905 Tomaso Grecco
25%
Conseil d'État, 28 juin 1918 Heyriès
23%
Conseil d'État, 8 juillet 1904 Botta
21%
Conseil d'État Ass., 2 avril 1943 Bouguen
21%
Conseil d'État, 14 janvier 1916 Camino
21%
Conseil d'État Ass., 27 octobre 1995 Commune de Morsang-sur-Orge
21%
Conseil d'État Ass., 7 juillet 1950 Dehaene
21%
Tribunal des conflits, 15 janvier 1968 Époux Barbier
21%
Conseil d'Etat Ass., 3 juillet 1996 Koné
21%
Conseil d'État, 19 février 1909 Abbé Olivier
19%
Conseil d'État, 6 décembre 1907 Compagnie des chemins de fer de l'Est
19%
Conseil d'État, 28 février 1919 Dames Dol et Laurent
19%
Conseil d'État Ass., 23 décembre 2011 Danthony
19%
Conseil d'État Ass., 22 juin 1951 Daudignac
19%
Conseil d'État Ass., 28 mai 1954 Barel
19%
Conseil d'État Sect.. 9 mars 1951 Société des concerts du Conservatoire
19%
Tribunal des conflits, 17 juin 2013 Bergoend
17%
Conseil d'État Sect., 18 décembre 1959 Société « Les Films Lutetia »
17%
Conseil d'État Ass., 31 juillet 1942 Monpeurt
17%
Conseil d'État Ass., 12 avril 2002 Papon
17%
Conseil d'État, 21 décembre 1906 Syndicat des propriétaires et contribuables du quartier Croix-de-Seguey-Tivoli / Seguey-Tivoli
17%
Conseil d'État Ass., 26 octobre 2001 Ternon
17%
Conseil d'État Ass., 13 mai 1938 Caisse primaire « Aide et Protection »
15%
Conseil d'État Ass., 28 décembre 2009 | Conseil d'État Sect., 21 mars 2011 Commune de Béziers
15%
Conseil d'État, 30 novembre 1923 Couitéas
15%
Cour européenne des droits de l'Homme, 7 juin 2001 Kress
15%
Conseil d'État Ass., 6 juillet 2016 Napol
15%
Conseil d'État, 31 juillet 1912 Société des granits porphyroïdes des Vosges
15%
Conseil d'État Ass., 24 mars 2006 Société KPMG / KPMG
15%
Conseil d'État Ass., 11 mai 2004 Association AC !
13%
Conseil d'État Sect., 30 mai 1930 Chambre syndicale du commerce en détail de Nevers
13%
Conseil d'État Ass., 4 avril 2014 Département de Tarn-et-Garonne
13%
Conseil d'État, 26 juillet 1918 Epoux Lemonnier
13%
Conseil d'État Ass., 24 novembre 1961 Letisserand
13%
Tribunal des conflits. 27 novembre 1952 Préfet de la Guyane
13%
Conseil d'État, 4 avril 1914 Gomel
13%
Conseil d'État Ass., 5 mars 1999 Président de l'Assemblée nationale
13%
Conseil d'État, 28 mars 1919 Regnault-Desroziers / Regnault
13%
Tribunal des conflits. 14 janvier 1935 Thépaz
13%
Conseil d'État, 10 mai 1912 Abbé Bouteyre
12%
Conseil d'État Ass., 8 février 2007 ARCELOR
12%
Conseil d'État Ass., 29 mars 1946 Caisse départementale d'assurances sociales de Meurthe-et-Moselle / Meurthe et Moselle
12%
Conseil d'État Ass., 3 octobre 2008 Commune d'Annecy
12%
Conseil d'État, 30 mars 1916 Compagnie générale d'éclairage de Bordeaux / Bordeaux
12%
Conseil d'État Ass., 3 juillet 1936 Demoiselle Bobard
12%
Conseil d'État, 10 janvier 1930 Despujol
12%
Conseil d'État Ass., 3 février 1989 Compagnie Alitalia
12%
Tribunal des conflits, 28 mars 1955 Effimieff
12%
Conseil d'État Ass., 2 mars 1962 Rubin de Servens
12%
Conseil d'État Ass., 28 mai 1971 Ville nouvelle Est
12%
Conseil d'État, 8 mars 1912 Lafage
12%
Conseil d'État Sect., 21 décembre 2018 Société Eden
12%
Conseil d'État Sect., 3 novembre 1997 Société Million et Marais
12%
Conseil d'État, 20 juin 1913 Téry
12%
Conseil d'État Sect., 5 mai 1944 Trompier
12%
Conseil d'État, 29 novembre 1912 Boussuge
10%
Conseil d'État Ass., 22 novembre 1946 Commune de Saint-Priest-la-Plaine
10%
Conseil d'État Sect., 18 janvier 2001 Commune de Venelles
10%
Conseil d'État, 11 mars 1910 Compagnie générale française des tramways
10%
Conseil d'État Ass., 7 avril 1933 Deberles
10%
Conseil d'État Ass., 10 avril 1992 Époux V
10%
Conseil d'État Sect., 20 avril 1956 Époux Bertin / Bertin
10%
Cour de cassation Civ., 23 nov. 1956 Giry
10%
Conseil d'État Sect., 26 juin 1959 Syndicat général des ingénieurs-conseils
10%
Conseil d'État Sect., 2 février 1945 Moineau
10%
Tribunal des conflits, 17 octobre 2011 SCEA du Chéneau
10%
Conseil d'État Ass., 25 juin 1948 Société du journal « L'Aurore »
10%
Conseil d'État Ass., 24 déc. 2019 Société hôtelière Paris Eiffel Suffren
10%
Conseil d'État Ass., 18 mai 2018 CFDT
8%
Conseil d'État Ass., 7 février 1947 D'Aillières
8%
Conseil d'État Ass., 21 mars 2016 Fairvesta et Numéricable
8%
Conseil d'État Ass. (avis), 6 avril 1990 Cofiroute
8%
Conseil d'État Ass., 31 mai 1957 Rosan Girard
8%
Conseil d'État Sect., 19 octobre 1956 Société « Le Béton »
8%
Conseil d'État, 26 décembre 1925 Rodière
8%
Conseil d'État Ass., 14 janvier 1938 Société anonyme des produits laitiers « La Fleurette »
8%
Conseil d'État Ass., 30 mars 1966 Compagnie générale d'énergie radio-électrique
6%
Conseil d'État Ass., 28 juillet 1951 Laruelle et Delville
6%
Conseil d'État Ass., 3 décembre 1999 Didier
4%
Conseil d'État Ass., 8 décembre 1978 GITSI
4%
Conseil d'État Sect., 17 mai 1985 Mme Menneret
4%
Conseil d'État Ass., 29 juin 1990 | Conseil d'État Sect., 12 juin 2020 GITSI
4%
Conseil d'État Ass., 13 mars 1953 Teissier
4%
Conseil d'État Ass., 30 novembre 2001 M. Diop
4%
Conseil d'État Sect., 18 décembre 2002 Mme Duvignères
4%
Conseil d'État Ass., 14 février 2014 Mme Lambert
4%
Conseil d'État Ass., 30 octobre 2009 Mme Perreux
4%
Conseil d'État Sect., 27 février 2004 Mme Popin
4%
Tribunal des conflits, 9 mars 2015 Mme Rispal
4%
Conseil d'État, 26 janvier 1923 Robert Lafrégeyre
4%
Conseil d'État Ass., 30 octobre 1998 Sarran Levacher
4%
Conseil d'État Ass., 6 décembre 1996 Société Lambda
4%
Conseil d'État Ass., 17 février 1995 Marie et Hardouin
2%
Conseil d'État, 10 juin 1921 Commune de Mortségur
0%
Conseil d'État Sect., 11 décembre 1970 Crédit foncier France
0%
Aucun quiz correspondant
Distribution des résultats
% des personnes avec chaque résultat
Percentile par nombre de réponses
Votre historique - résultats
Vous n’avez pas pris ce quiz